Adding 'ing' to Movie Titles Quiz Stats

 Plays Quiz Updated Nov 12, 2017

Also try: Movie Plot Haikus
Challenge
Share
Tweet
Embed
Score 0/20 Timer 08:00
0 Plays Today
New Plot Movie With 'ing' % Correct
Tony Stark takes a break to get his chores done.Ironing Man
91.4%
Frodo and Gandalf make some prank calls.The Fellowship of the Ringing
88.4%
Mowgli makes a reservation for him and Baloo.The Jungle Booking
86.4%
The DeLorean is stuck in reverse.Backing to the Future
84.4%
Bruce Wayne is anointed by the Queen.The Dark Knighting
83%
Captain Kirk walks across the universe.Star Treking
81.5%
Han and Leia won't stop looking at each other.Staring Wars
80.9%
A man aging in reverse keeps doing up his jacket.The Curious Case of Benjamin Buttoning
77.6%
A giant ape is captured and made a monarch.Kinging Kong
74.9%
The life and times of a dinosaur valet.Jurassic Parking
68.3%
New Plot Movie With 'ing' % Correct
Vin Diesel is hungry. And very, very angry.Fasting and Furious
66.8%
Seth Rogen and James Franco listen to a tropical fruit in therapy.Pineapple Expressing
63.8%
James Bond recruits Chicken Little to stop the clouds coming down.Skyfalling
62.5%
The chauffeur, Morgan Freeman, abducts a flower.Driving Missing Daisy
62%
Ashton Kutcher and Sean William Scott can't find their ability to invest emotionally.Dude, Where's My Caring?
52%
Liam Neeson's hair starts to show his age.The Greying
37.3%
Keanu Reeves works at a candle factory.John Wicking
37.1%
Brad Pitt battles a horde of spices and condiments.World War Zing
36.2%
Hitchcock film about Flash Gordon’s nemesis on the phone.Dial Ming For Murder
22.5%
A German man waits for his computer to work.Das Booting
20.9%

You're not logged in!

Compare scores with friends on all Sporcle quizzes.
Join for Free
OR
Log In

You Might Also Like...

Show Comments

Extras

Top Quizzes Today


Score Distribution

Your Account Isn't Verified!

In order to create a playlist on Sporcle, you need to verify the email address you used during registration. Go to your Sporcle Settings to finish the process.

Report this User

Report this user for behavior that violates our Community Guidelines.

Details: